| 000 | 01422nam0a22002651 4500 | ||
|---|---|---|---|
| 001 | v19\rc\1967225 | ||
| 005 | 20251118181040.1 | ||
| 035 | _a(NLR Aleph) 005049793 | ||
| 090 |
_a6882323 _c6882323 |
||
| 100 | _a20080428d1914 |||y0rusy50 ca | ||
| 101 | 0 | _arus | |
| 102 | _aRU | ||
| 105 | _aa z ||||| | ||
| 200 | 1 |
_aКурс геодезии и приложения ее к изысканиям путей сообщения _eПособие для студентов Ин-та инж. пут. сообщ. имп. Александра I, для студентов Ин-та гражд. инж. имп. Николая I, для студентов и учеников др. техн. учеб. заведений, для техников пут. сообщ., для строит. техников и землемеров _eПервая и вторая части _fН.Ар. Богуславский, засл. проф., инж. пут. сообщ. |
|
| 210 |
_aСанкт-Петербург _cтип. Ю.Н. Эрлих (влад. А.Э. Коллинс) _d1914 |
||
| 215 |
_aXVI, V, 594 с. _cчерт. _d28 |
||
| 700 | 1 |
_aБогуславский _bН. А. _f1844-1920 _gНиколай Аристархович |
|
| 801 | 0 |
_aRU _bNLR _gpsbo |
|
| 801 | 0 |
_aRU _bRuMoRGB _2psbo |
|
| 801 | 1 |
_aRU _bProSoft-M _2rusmarc |
|
| 852 |
_aNLR _j37.41.7.3 |
||
| 899 |
_aRuMoRGB _jV 14/5 |
||
| 899 | _aНБ СПбГУ | ||
| 942 | _cBOOK | ||
| 980 | _aNB | ||